| 000 | 01597nam a2200457 i 4500 | ||
|---|---|---|---|
| 001 | 24451 | ||
| 003 | KOSZ 005 | ||
| 005 | 20200410182651.0 | ||
| 008 | 140130s1995 pl a f |001 0 pol | ||
| 015 | _aUWD 2014/4987 | ||
| 020 | _a8320419018 | ||
| 035 | _a991020888479705066 | ||
| 035 | _a(PL-WaBN)b30038637-48omnis_nlop | ||
| 035 | _ab30038637 | ||
| 035 | _a(OCoLC)749728042 | ||
| 035 | _a(PL)b0000003003863 | ||
| 035 | _a(EXLNZ-48OMNIS_NETWORK)9910525826605606 | ||
| 040 |
_aWA N _cWA N _dKOSZ 005/EG |
||
| 041 | 1 |
_apol _heng |
|
| 080 | _a004.738.5 | ||
| 100 | 1 |
_aGilster, Paul _d(1949- ) _eAutor |
|
| 245 | 1 | 0 |
_aInternet : _bprzewodnik użytkownika / _cPaul Gilster ; z ang. przeł. Grzegorz Grudziński. |
| 246 | 1 |
_iTyt. oryg.: _aInternet navigator, _f1994 |
|
| 260 |
_aWarszawa : _bWydawnictwa Naukowo-Techniczne, _c1995. |
||
| 300 |
_a695, [1] s. : _bil. ; _c24 cm. |
||
| 336 |
_2rdacontent _aTekst _btxt |
||
| 337 |
_2rdamedia _aBez urządzenia pośredniczącego _bn |
||
| 338 |
_2rdacarrier _aWolumin _bnc |
||
| 380 | _aKsiążki | ||
| 388 | _a1901-2000 | ||
| 500 | _aTyt. oryg.: "The Internet navigator" 1994. | ||
| 504 | _aBibliogr. s. 677-682. Indeks. | ||
| 650 | 7 |
_aInternet _2DBN |
|
| 655 | 7 |
_aPoradniki _2DBN |
|
| 658 | _aInformatyka i technologie informacyjne | ||
| 700 | 1 |
_aGrudziński, Grzegorz _eTłumaczenie |
|
| 710 | 2 |
_aWydawnictwa Naukowo-Techniczne _4pbl |
|
| 856 |
_uhttp://koha.tu.koszalin.pl/cgi-bin/koha/opac-detail.pl?biblionumber=24451 _yKatalog online BPK |
||
| 942 |
_2UKD _cKS |
||
| 999 |
_c24451 _d24451 |
||